Metro Logos Quiz #1 - Statistics

General Stats
  • This quiz has been taken 85 times
  • The average score is 8 of 16
Answer Stats
Picture Answer % Correct
London
98%
New York City
94%
Berlin
72%
Moscow
69%
Beijing
48%
Cairo
48%
Mexico City
48%
Rome
47%
Toronto
47%
Los Angeles
41%
Delhi
36%
Sydney
36%
Rio de Janeiro
31%
Seoul
31%
Almaty
20%
Lima
11%
No matching quizzes found
Score Distribution
Percent of People with Each Score
Percentile by Number Answered
Your Score History
You have not taken this quiz